| 000 | 01542cam a22003013a 4500 | ||
|---|---|---|---|
| 001 | 18884 | ||
| 003 | PGUSA | ||
| 005 | 20140828083412.0 | ||
| 008 | 060721s2006||||xxu|||||s|||||000 | eng d | ||
| 040 |
_aPGUSA _beng |
||
| 042 | _adc | ||
| 050 | 4 | _aQL | |
| 100 | 1 | _aHines, Bob | |
| 245 | 1 | 0 |
_aDucks at a Distance : _bA Waterfowl Identification Guide _h[electronic resource] / _cBob Hines |
| 260 |
_bProject Gutenberg, _c2006 |
||
| 505 | 0 | _aIdentification is Important -- What to Look For -- Eclipse Plumage -- Species Identification: -- -- Puddle Ducks -- Mallard -- Pintail -- Gadwall -- Wigeon -- Shoveler -- Blue-Winged Teal -- Cinnamon Teal -- Green-Winged Teal -- Wood Duck -- Black Duck -- Diving Ducks -- Canvasback -- Redheads -- Ringneck -- Scaup -- Goldeneye -- Bufflehead -- Ruddy -- Red-Breasted Merganser -- Common Merganser -- Hooded Merganser -- Whistling Ducks -- White-Winged Scoter -- Surf Scoter -- Black Scoter -- Common Eider -- Oldsquaw -- Harlequin -- Swans -- Canada Geese -- Brant -- Snow -- White-Fronted Geese -- -- At a Glance Guide -- Comparative Sizes Of Waterfowl -- Wetlands Attract Wildlife -- Administrative Waterfowl Flyways | |
| 506 | _aPublic domain in the USA. | ||
| 516 | _aElectronic text | ||
| 653 | _aDucks -- Canada -- Identification | ||
| 653 | _aWaterfowl | ||
| 653 | _aAnatidae | ||
| 653 | _aBirds | ||
| 653 | _aDucks | ||
| 653 | _aDucks -- United States -- Identification | ||
| 830 | 0 |
_aProject Gutenberg _v18884 |
|
| 856 | 4 | 0 | _uhttp://www.gutenberg.org/ebooks/18884 |
| 942 | _cEB | ||
| 999 |
_c248139 _d248139 |
||